Keresik Szeged határát a kis Gyála holdakat akar
Elmentve itt :
| Dokumentumtípus: | Cikk |
|---|---|
| Megjelent: |
1914-05-20
|
| Sorozat: | Délmagyarország
3 No. 117 |
| Kulcsszavak: | Közigazgatás Szeged 1914 |
| Online Access: | http://dmarchiv.bibl.u-szeged.hu/43076 |
| LEADER | 00436nab a2200145 i 4500 | ||
|---|---|---|---|
| 001 | delm43076 | ||
| 005 | 20180927130112.0 | ||
| 008 | 180927s1914 hu o 0|| hun d | ||
| 040 | |a SZTE Délmagyarország Archívum |b hun | ||
| 041 | |a hun | ||
| 245 | 0 | 0 | |a Keresik Szeged határát |h [elektronikus dokumentum] : |b a kis Gyála holdakat akar |
| 260 | |c 1914-05-20 | ||
| 300 | |a 5 | ||
| 490 | 0 | |a Délmagyarország |v 3 No. 117 | |
| 695 | |a Közigazgatás Szeged 1914 | ||